000 00960nam a2200205Ia 4500
005 20240530104410.0
008 140319s9999 xx 000 0 ara d
040 _aGCL /
_cGCL
082 0 4 _a410
_bا م
100 1 _aابراهيم مدكور
245 1 0 _aمجمع اللغة العربية فى ثلاثين عاما 1932 ـ 1962: مجموعة القرارات العلمية من الدورة الاولى الى الثامنة والعشرين /
_cتاليف ابراهيم مدكور ؛ محقق محمد خلف الله احمد ، محمد شوقى امين
260 _aالقاهرة :
_bمجمع اللغة العربية ،
_c1971
300 _a203 ص؛
_c24 سم
650 0 4 _aاللغة العربية
650 0 4 _aمجمع اللغة العربية
700 1 _aمحمد شوقى امين
_eمحقق
700 1 _aمحمد خلف الله احمد
_eمحقق
942 _2ddc
_cBK
999 _c47252
_d47252